|
|
|
|
| LEADER |
00000nam0a2200000 4500 |
| 001 |
24560 |
| 005 |
20231030200252.0 |
| 010 |
|
|
|a 5701401723
|
| 035 |
|
|
|a (RuTPU)RU\TPU\book\24789
|
| 035 |
|
|
|a BOOK00002554
|
| 090 |
|
|
|a 24560
|
| 100 |
|
|
|a 20011209d2000 m y0rusy50 ca
|
| 101 |
0 |
|
|a rus
|
| 102 |
|
|
|a RU
|
| 105 |
|
|
|a y j 000zy
|
| 200 |
1 |
|
|a Экономическая теория
|h Ч. 2
|e Тексты лекций
|f Новосибирская государственная академия экономики и управления (НГАЭиУ) ; под ред. А. Ю. Шарипова ; Л. Ю. Руди
|
| 205 |
|
|
|a 2-е изд., перераб. и доп.
|
| 210 |
|
|
|a Новосибирск
|d 2000
|
| 215 |
|
|
|a 200 с.
|
| 610 |
1 |
|
|a экономика
|
| 610 |
1 |
|
|a теория
|
| 610 |
1 |
|
|a финансовая система
|
| 610 |
1 |
|
|a макроэкономика
|
| 610 |
1 |
|
|a рыночная экономика
|
| 610 |
1 |
|
|a безработица
|
| 610 |
1 |
|
|a инфляция
|
| 610 |
1 |
|
|a государственное регулирование
|
| 610 |
1 |
|
|a учебные пособия
|
| 686 |
|
|
|a У011я73
|v LBC/SL-A
|2 rubbk
|
| 702 |
|
1 |
|a Шарипов
|b А. Ю.
|g Алимжан Юсупович
|4 340
|
| 702 |
|
1 |
|a Руди
|b Л. Ю.
|g Людмила Юрьевна
|4 340
|
| 712 |
0 |
2 |
|a Новосибирская государственная академия экономики и управления (НГАЭиУ)
|2 stltpush
|3 (RuTPU)RU\TPU\col\50
|
| 801 |
|
0 |
|a RU
|b 63413507
|c 20011209
|g PSBO
|
| 801 |
|
2 |
|a RU
|b 63413507
|c 20191206
|g PSBO
|
| 942 |
|
|
|c BK
|